The Woodlanders

Đã lưu trong:
Bibliografiske detaljer
Hovedforfatter: THOMAS HARDY
Format: Bog
Sprog:Undetermined
Udgivet: London Everyman's library 1997
Fag:
Tags: Tilføj Tag
Ingen Tags, Vær først til at tagge denne postø!
Thư viện lưu trữ: Trung tâm Học liệu Trường Đại học Cần Thơ
LEADER 00449nam a2200169Ia 4500
001 CTU_47248
008 210402s9999 xx 000 0 und d
082 |a 823.8 
082 |b H272w/1997 
100 |a THOMAS HARDY 
245 4 |a The Woodlanders 
245 0 |c THOMAS HARDY 
260 |a London 
260 |b Everyman's library 
260 |c 1997 
650 |a english fiction - 19th century 
980 |a Trung tâm Học liệu Trường Đại học Cần Thơ